000 00477nam a2200181Ia 4500
999 _c5967
_d5967
003 GBCCL
005 20241126110553.0
008 180419b ||||| |||| 00| 0 eng d
040 _cgbc
082 _a158
_bNAR
100 _aNarramore, Clyde M.
_910779
245 _aThis Way to Happiness /
_cClyde M. Narramore
250 _aInd. ed. reprint
260 _aBombay:
_bSamuel Mathai,
_c1973
300 _a63 p.;
_c18 cm.
650 _aApplied psychology
_910780
942 _2ddc
_cBK